Psicologia: corso introduttivo per la formazione di insegnanti e educatori
Zapisane w:
| 1. autor: | |
|---|---|
| Kolejni autorzy: | |
| Format: | Książka |
| Język: | włoski |
| Wydane: |
Roma
Città Nuova
1988
|
| Hasła przedmiotowe: | |
| Etykiety: |
Dodaj etykietę
Nie ma etykietki, Dołącz pierwszą etykiete!
|
MARC
| LEADER | 00000nam a2200000 a 4500 | ||
|---|---|---|---|
| 001 | UCK0209 | ||
| 003 | CL-VaPUC | ||
| 005 | 20231221111739.0 | ||
| 008 | 040915e19880000IT |||||||||||||||||ita|d | ||
| 999 | |c 310698 |d 310696 | ||
| 020 | |a 8831115065 | ||
| 040 | |c Pontificia Universidad Católica de Valparaíso | ||
| 082 | 0 | 4 | |a 150 PER 1988 |2 21 |
| 100 | 0 | |a Peresson, Luigi |9 488107 | |
| 245 | 1 | 0 | |a Psicologia: corso introduttivo per la formazione di insegnanti e educatori |
| 260 | |a Roma |b Città Nuova |c 1988 | ||
| 300 | |a 310 páginas | ||
| 583 | |a last modification |c 20040915 00:00:00 |k Rodrigo Vera | ||
| 650 | 0 | |a Psicología |9 257863 | |
| 650 | 0 | |a Percepción |9 266750 | |
| 650 | 0 | |a Cognición |9 270347 | |
| 650 | 0 | |a Adquisición del lenguaje |9 309032 | |
| 650 | 0 | |a Motivación |9 315362 | |
| 650 | 0 | |a Personalidad |9 307255 | |
| 650 | 0 | |a Socialización |9 309940 | |
| 700 | 0 | |a De Beni, Michele |9 488108 | |
| 942 | |c BK |2 ddc | ||
| 945 | |d 20040915 00:00:00 |a cmena | ||
| 952 | |0 0 |1 2 |4 0 |6 150_000000000000000_PER_1988 |7 0 |8 A |9 379594 |a BIBTEO |b BIBTEO |d 2019-11-21 |i 4063813 |o 150 PER 1988 |p 4063813 |r 2019-11-21 |w 2019-11-21 |x Descarte 2019 |y BK |k ICR | ||